Applications of Evolutionary Computation 20th European Conference, EvoApplications 2017, Amsterdam, The Netherlands, April 19-21, 2017, Proceedings, Part II /

The two volumes LNCS 10199 and 10200 constitute the refereed conference proceedings of the 20th European Conference on the Applications of Evolutionary Computation, EvoApplications 2017, held in Amsterdam, The Netherlands, in April 2017, colocated with the Evo* 2016 events EuroGP, EvoCOP, and EvoMUS...

Full description

Corporate Author: SpringerLink (Online service)
Other Authors: Squillero, Giovanni. (Editor, http://id.loc.gov/vocabulary/relators/edt), Sim, Kevin. (Editor, http://id.loc.gov/vocabulary/relators/edt)
Language:English
Published: Cham : Springer International Publishing : Imprint: Springer, 2017.
Edition:1st ed. 2017.
Series:Theoretical Computer Science and General Issues ; 10200
Subjects:
Online Access:https://doi.org/10.1007/978-3-319-55792-2
LEADER 05537nam a22006015i 4500
001 978-3-319-55792-2
003 DE-He213
005 20210624220413.0
007 cr nn 008mamaa
008 170324s2017 gw | s |||| 0|eng d
020 |a 9783319557922  |9 978-3-319-55792-2 
024 7 |a 10.1007/978-3-319-55792-2  |2 doi 
050 4 |a QA76.9.A43 
072 7 |a UMB  |2 bicssc 
072 7 |a COM051300  |2 bisacsh 
072 7 |a UMB  |2 thema 
082 0 4 |a 005.1  |2 23 
245 1 0 |a Applications of Evolutionary Computation  |h [electronic resource] :  |b 20th European Conference, EvoApplications 2017, Amsterdam, The Netherlands, April 19-21, 2017, Proceedings, Part II /  |c edited by Giovanni Squillero, Kevin Sim. 
250 |a 1st ed. 2017. 
264 1 |a Cham :  |b Springer International Publishing :  |b Imprint: Springer,  |c 2017. 
300 |a XXIV, 243 p. 57 illus.  |b online resource. 
336 |a text  |b txt  |2 rdacontent 
337 |a computer  |b c  |2 rdamedia 
338 |a online resource  |b cr  |2 rdacarrier 
347 |a text file  |b PDF  |2 rda 
490 1 |a Theoretical Computer Science and General Issues ;  |v 10200 
505 0 |a EvoSET: Hybrid Algorithms Based on Integer Programming for the Search of Prioritized Test Data in Software Product Lines -- On the Use of Smelly Examples to Detect Code Smells in JavaScript -- Deep Parameter Tuning of Concurrent Divide and Conquer Algorithms in Akka -- Focusing Learning-based Testing away from Known Weaknesses -- Polytypic Genetic Programming -- Evolving Rules for Action Selection in Automated Testing via Genetic Programming – A First Approach -- EvoSTOC: A New Multi-swarm Particle Swarm Optimization for Robust Optimization over Time -- The Static and Stochastic VRP with Time Windows and Both Random Customers and Reveal Times -- Pre-Scheduled Colony Size Variation in Dynamic Environments -- An Online Packing Heuristic for the Three-dimensional Container Loading Problem in Dynamic Environments and the Physical Internet -- Advancing Dynamic Evolutionary Optimization Using In-Memory Database Technology -- Road Traffic Rules Synthesis Using Grammatical Evolution -- Solving Dynamic Graph Coloring Problem Using Dynamic Pool Based Evolutionary Algorithm -- General: Meta-Heuristics for Improved RF Emitter Localization -- Automated Design of Genetic Programming Classification Algorithms Using a Genetic Algorithm. 
520 |a The two volumes LNCS 10199 and 10200 constitute the refereed conference proceedings of the 20th European Conference on the Applications of Evolutionary Computation, EvoApplications 2017, held in Amsterdam, The Netherlands, in April 2017, colocated with the Evo* 2016 events EuroGP, EvoCOP, and EvoMUSART. The 46 revised full papers presented together with 26 poster papers were carefully reviewed and selected from 108 submissions. EvoApplications 2016 consisted of the following 13 tracks: EvoBAFIN (natural computing methods in business analytics and finance), EvoBIO (evolutionary computation, machine learning and data mining in computational biology), EvoCOMNET (nature-inspired techniques for telecommunication networks and other parallel and distributed systems), EvoCOMPLEX (evolutionary algorithms and complex systems), EvoENERGY (evolutionary computation in energy applications), EvoGAMES (bio-inspired algorithms in games), EvoIASP (evolutionary computation in image analysis, signal processing, and pattern recognition), EvoINDUSTRY (nature-inspired techniques in industrial settings), EvoKNOW (knowledge incorporation in evolutionary computation), EvoNUM (bio-inspired algorithms for continuous parameter optimization), EvoPAR (parallel implementation of evolutionary algorithms), EvoROBOT (evolutionary robotics), EvoSET (nature-inspired algorithms in software engineering and testing), and EvoSTOC (evolutionary algorithms in stochastic and dynamic environments). . 
650 0 |a Algorithms. 
650 0 |a Artificial intelligence. 
650 0 |a Special purpose computers. 
650 0 |a Architecture, Computer. 
650 0 |a Microprocessors. 
650 0 |a Logic design. 
650 1 4 |a Algorithm Analysis and Problem Complexity.  |0 https://scigraph.springernature.com/ontologies/product-market-codes/I16021 
650 2 4 |a Artificial Intelligence.  |0 https://scigraph.springernature.com/ontologies/product-market-codes/I21000 
650 2 4 |a Special Purpose and Application-Based Systems.  |0 https://scigraph.springernature.com/ontologies/product-market-codes/I13030 
650 2 4 |a Computer System Implementation.  |0 https://scigraph.springernature.com/ontologies/product-market-codes/I13057 
650 2 4 |a Processor Architectures.  |0 https://scigraph.springernature.com/ontologies/product-market-codes/I13014 
650 2 4 |a Logic Design.  |0 https://scigraph.springernature.com/ontologies/product-market-codes/I12050 
700 1 |a Squillero, Giovanni.  |e editor.  |4 edt  |4 http://id.loc.gov/vocabulary/relators/edt 
700 1 |a Sim, Kevin.  |e editor.  |0 (orcid)0000-0001-6555-7721  |1 https://orcid.org/0000-0001-6555-7721  |4 edt  |4 http://id.loc.gov/vocabulary/relators/edt 
710 2 |a SpringerLink (Online service) 
773 0 |t Springer Nature eBook 
776 0 8 |i Printed edition:  |z 9783319557915 
776 0 8 |i Printed edition:  |z 9783319557939 
830 0 |a Theoretical Computer Science and General Issues ;  |v 10200 
856 4 0 |u https://doi.org/10.1007/978-3-319-55792-2 
912 |a ZDB-2-SCS 
912 |a ZDB-2-SXCS 
912 |a ZDB-2-LNC 
950 |a Computer Science (SpringerNature-11645) 
950 |a Computer Science (R0) (SpringerNature-43710)